Arquitectura vernácula del Azuay y Cañar desde los años 70 y 80. Tomo II, Cañar /

Bibliographic Details
Main Author: Calle, Andrea (Author)
Format: Electronic eBook
Language:Spanish
Published: Cuenca, Ecuador : Universidad del Azuay : Universidad de Cuenca, 2024.
Subjects:
Online Access:Digitalia Hispánica

MARC

LEADER 00000nam a2200000 i 4500
001 DIGUAZUAY0268
003 NyNyDIG
007 cr |||||||||||
008 251202s2024 ec ob 000 0 spa d
006 m o d
035 |a (OCoLC)1564457223 
040 |a DGITA  |b eng  |e rda  |e pn  |c DGITA 
020 |a 9789942645999  |q eBook 
020 |z 9789942645982 
043 |a s-ec--- 
050 1 4 |a NA887.C15 ebook 
100 1 |a Calle, Andrea,  |e author. 
245 1 0 |a Arquitectura vernácula del Azuay y Cañar desde los años 70 y 80.  |n Tomo II,  |p Cañar /  |c autoras, Andrea Calle [and 3 others]. 
246 3 0 |a Cañar  
264 1 |a Cuenca, Ecuador :  |b Universidad del Azuay :  |b Universidad de Cuenca,  |c 2024. 
300 |a 1 online resource :  |b illustrations, photographs. 
336 |a text  |b txt  |2 rdacontent 
337 |a computer  |b c  |2 rdamedia 
338 |a online resource  |b cr  |2 rdacarrier 
347 |a text file  |2 rdaft 
347 |b PDF 
504 |a Includes bibliographical references. 
588 0 |a Online resource; title from PDF title page (Digitalia, viewed December 2, 2025) 
650 0 |a Vernacular architecture  |z Ecuador  |z Cañar. 
791 2 |a Digitalia (Firm),  |e distributor. 
793 0 |g Digitalia eBook Collection:  |a Universidad del Azuay 
776 0 8 |i Print version:  |a Calle, Andrea.  |t Arquitectura vernácula del Azuay y Cañar desde los años 70 y 80. Tomo II, Cañar.  |d Cuenca, Ecuador : Universidad del Azuay : Universidad de Cuenca, [2024]  |z 9789942645982 
856 4 0 |3 Digitalia Hispánica  |u https://www.digitaliapublishing.com/a/170496/ 
910 |a Premium collection: 2025